Estadísticas para Equipos Serie A 2023/24

Haz click aquí para intentar la prueba.

Estadísticas generales

  • Esta prueba ha sido intentada 78 veces
  • La puntuación promedio es 16 de 20

Estadísticas de respuestas

Clubes% Correcto
Inter
100%
Milan
100%
Juventus
97%
Roma
96%
Lazio
94%
Napoli
94%
Atalanta
86%
Fiorentina
86%
Bologna
77%
Cagliari
77%
Torino
77%
Genoa
75%
Sassuolo
74%
Udinese
72%
Hellas Verona
72%
Salernitana
68%
Lecce
65%
Frosinone
61%
Empoli
54%
Monza
54%

Distribución de puntuación

Porcentaje por número respondido

Porcentaje de gente con cada puntuación

Historial de tus puntuaciones

No has intentado esta prueba.